Santa María mariposas alas y color : (Registro nro. 6235)

Detalles MARC
000 -CABECERA
Campo de control 01032nam a2200277 a 4500
005 - FECHA Y HORA DE LA ULTIMA TRANSACCION
Campo de control 20200104041607.0
008 - ELEMENTOS DE LONGITUD FIJA—INFORMACION GENERAL
Campo de control 150122b2007 ck |||||r|||| 00| 0 spa d
020 ## - ISBN
ISBN 9789584420558
040 ## - FUENTE DE CATALOGACIÓN
Agencia catalogadora original CO-BoIAVH
Agencia transcriptora CO-BoIAVH
041 ## - IDIOMA
Código de idioma para texto/pista de sonido o título separado Español
082 04 - NUMERO DE CLASIFICACION DECIMAL DEWEY
Número de clasificación 595.789
Número del ítem C19s
090 ## - CLASIFICACIÓN LOCAL
Colección FG-
Consecutivo 05239
100 1# - ASIENTO PRINCIPAL--NOMBRE PERSONAL
Nombre personal Andrade-C., M. Gonzalo
110 ## - ASIENTO PRINCIPAL--NOMBRE CORPORATIVO
Nombre corporativo o de jurisdicción como elemento de entrada Universidad Nacional de Colombia
245 10 - MENCION DE TITULO
Título Santa María mariposas alas y color :
Parte restante del título Miniguias de Campo del Instituto de Ciencias Naturales N°4
260 ## - PUBLICACION, DISTRIBUCION, ETC. (PIE DE IMPRENTA)
Lugar de publicación, distribución, etc. Bogotá:
Nombre del editor, distribuidor, etc. Instituto de Ciencias Naturales, Universidad Nacional de Colombia,
Fecha de publicación, distribución, etc. 2007.
300 ## - DESCRIPCION FISICA
Extensión folleto
Otros detalles físicos Ilustracion a color
Dimensiones 22 x 10 cm
504 ## - NOTA DE BIBLIOGRAFIA, ETC.
Nota de bibliografía Incluye bibliografía (pag 248) e índice de nombres científicos
650 #4 - ASIENTO SECUNDARIO DE MATERIA - TERMINO TEMATICO
Término temático o nombre geográfico como elemento de entrada Mariposas
Subdivisión de forma catálogos
650 #4 - ASIENTO SECUNDARIO DE MATERIA - TERMINO TEMATICO
Término temático o nombre geográfico como elemento de entrada Mariposas
Subdivisión de forma guías
Subdivisión general clasificación
700 1# - ASIENTO SECUNDARIO - NOMBRE PERSONAL
Nombre personal Campos Salazar, Lina Rocío
700 1# - ASIENTO SECUNDARIO - NOMBRE PERSONAL
Nombre personal González Montaña, Luis A.
700 1# - ASIENTO SECUNDARIO - NOMBRE PERSONAL
Nombre personal Pulido B., Hannier W.
942 ## - ELEMENTOS ADICIONALES (KOHA)
Tipo de ítem Folleto
Sistema de clasificación Local
945 ## - PROCESAMIENTO LOCAL
AAAA-MM-DD - Fecha de ingreso o modificacion 2008-03-26
Existencias
Withdrawn status Lost status Damaged status No para préstamo Colección Inventariado Ubicación Permanente Ubicación actual Fecha de adquisición Fuente de Valor Valor Total Checkouts Número topográfico Inventario / Código de Barras Date last seen Ejemplar Price effective from Forma de adquisición Tipo de material Sistema de Clasificación Date checked out
        General Inventariado 2017 Bogotá Bogotá 21/01/2015 Instituto 39000.00 1 LB-595.789 C19s 038527 01/11/2016 Ej. 2 21/01/2015   Libro Dewey Decimal Classification 01/11/2016
        Entomología Inventariado 2017 Villa de Leyva Villa de Leyva 26/03/2008 Instituto 39000.00   LB-05239 025768 04/12/2012 Ej.1 04/12/2012   Libro